A mágikus idealizmus radikális antropológiája gondolatok Novalis Hemsterhuis-tanulmányáról
Elmentve itt :
| Szerző: | |
|---|---|
| Adatforrás: | Philobibl |
| Forrásdokumentuma: | Tariménes 1.2005:1. 71-81. p. |
| Dokumentumtípus: | Cikk |
| Nyelv: | magyar |
| Kulcsszavak: | filozófia, német idealizmus |
| Megjelent: |
1993
|
| LEADER | 00435nab a2200133 c 4500 | ||
|---|---|---|---|
| 001 | bibPHI0031475 | ||
| 005 | 20200924122858.3 | ||
| 008 | 080118s2005 hu hun | ||
| 100 | 1 | |a Kiss Lajos András | |
| 245 | 1 | 2 | |a A mágikus idealizmus radikális antropológiája |b gondolatok Novalis Hemsterhuis-tanulmányáról |c Kiss Lajos András |
| 260 | |a 1993 | ||
| 695 | |a filozófia, német | ||
| 695 | |a idealizmus | ||
| 773 | 0 | |t Tariménes |g 1.2005:1. 71-81. p. | |